[Event "GER-chT U20"]
[Site "Magdeburg"]
[Date "2023.12.28"]
[Round "4.6"]
[White "Leonard, Timo"]
[Black "Matthaei, Jakob"]
[Result "1-0"]
[WhiteElo "2170"]
[BlackElo "2076"]
[PlyCount "101"]
[EventDate "2023.12.26"]
[EventType "team-swiss"]
[EventRounds "7"]
[EventCountry "GER"]
[SourceTitle "CBM 218 Extra"]
[Source "ChessBase"]
[SourceDate "2024.03.31"]
[SourceVersion "1"]
[SourceVersionDate "2024.03.31"]
[SourceQuality "1"]
[WhiteTeam "Hemer"]
[BlackTeam "Chemnitz USG"]
[WhiteTeamCountry "GER"]
[BlackTeamCountry "GER"]

1. d4 Nf6 2. c4 e6 3. Nf3 Bb4+ 4. Bd2 c5 5. Bxb4 cxb4 6. a3 bxa3 7. Rxa3 0-0 8. Nc3 d5 9. cxd5 exd5 10. e3 Nc6 11. Be2 Be6 12. 0-0 Qe7 13. Qb3 Rfd8 14. Rc1 Bg4 15. h3 Be6 16. Raa1 Ne4 17. Na4 Rac8 18. Nc5 Nxc5 19. Rxc5 b6 20. Rcc1 Na5 21. Qb5 f6 22. Nd2 Rxc1+ 23. Rxc1 Nb7 24. Bf3 Nd6 25. Qb4 Qd7 26. Be2 Rc8 27. Rxc8+ Nxc8 28. Nb1 Qc7 29. Nc3 Ne7 30. Qa4 Bd7 31. Qa3 Bc6 32. Bb5 Ba8 33. Qa6 Qb7 34. Qa4 a5 35. Bd7 Kf7 36. Qb5 Qc7 37. g3 Qd6 38. Na4 Bc6 39. Bxc6 Qxc6 40. Qxc6 Nxc6 41. Nxb6 Ke6 42. Kf1 Nb4 43. Ke2 f5 44. Na4 g5 45. Nc5+ Ke7 46. Nb7 Nc6 47. Kd3 h5 48. Kc3 Ke6 49. Nc5+ Kf6 50. Nd3 Ke6 51. h4 1-0

[Event "Prague Summer op-A 10th"]
[Site "Prague"]
[Date "2023.08.08"]
[Round "6"]
[White "Matthaei, Jakob"]
[Black "Von Mettenheim, Johannes"]
[Result "1/2-1/2"]
[WhiteElo "2051"]
[BlackElo "2316"]
[PlyCount "51"]
[EventDate "2023.08.04"]
[EventType "swiss"]
[EventRounds "9"]
[EventCountry "CZE"]
[SourceTitle "CBM 215 Extra"]
[Source "ChessBase"]
[SourceDate "2023.09.30"]
[SourceVersion "1"]
[SourceVersionDate "2023.09.30"]
[SourceQuality "1"]

1. c4 Nf6 2. g3 e6 3. Bg2 d5 4. Nf3 Be7 5. 0-0 0-0 6. b3 d4 7. e3 c5 8. exd4 cxd4 9. Bb2 Nc6 10. Re1 Bc5 11. d3 Re8 12. a3 a5 13. Nbd2 h6 14. Ne5 Nxe5 15. Rxe5 Qb6 16. b4 axb4 17. Nb3 Bf8 18. Bxd4 Qc7 19. axb4 Rxa1 20. Qxa1 Bxb4 21. Rb5 Be7 22. Na5 Qd7 23. Nxb7 e5 24. Bxe5 Qxd3 25. Qf1 Qc2 26. Nd6 1/2-1/2

[Event "GER-ch U18"]
[Site "Willingen"]
[Date "2023.06.03"]
[Round "9"]
[White "Matthaei, Jakob"]
[Black "Chitsazian, Daniel"]
[Result "1-0"]
[WhiteElo "2046"]
[BlackElo "1900"]
[PlyCount "111"]
[EventDate "2023.05.28"]
[EventType "swiss"]
[EventRounds "9"]
[EventCountry "GER"]
[SourceTitle "CBM 214 Extra"]
[Source "ChessBase"]
[SourceDate "2023.07.31"]
[SourceVersion "1"]
[SourceVersionDate "2023.07.31"]
[SourceQuality "1"]

1. e4 c6 2. d4 d5 3. Nd2 dxe4 4. Nxe4 Bf5 5. Ng3 Bg6 6. Nf3 Nd7 7. Bc4 e6 8. 0-0 Ngf6 9. Re1 Be7 10. c3 b5 11. Bf1 h6 12. Ne2 Nd5 13. Nf4 Nxf4 14. Bxf4 0-0 15. Qd2 Bf6 16. a4 a6 17. a5 c5 18. d5 Bf5 19. c4 exd5 20. cxd5 Rc8 21. Bd6 Re8 22. Rxe8+ Qxe8 23. Re1 Qd8 24. Ne5 Nxe5 25. Bxe5 Bg5 26. f4 Be7 27. g4 Bxg4 28. Qg2 f6 29. Qxg4 fxe5 30. Qe6+ Kh8 31. fxe5 Bh4 32. Re4 Qg5+ 33. Qg4 Qxg4+ 34. Rxg4 Bg5 35. Re4 Rd8 36. d6 c4 37. h4 Bf6 38. exf6 gxf6 39. Rd4 Kg7 40. Bg2 b4 41. Rxc4 Rxd6 42. Rxb4 Rd1+ 43. Kh2 Ra1 44. Rb7+ Kg6 45. b4 Kh5 46. Kg3 Kg6 47. Be4+ f5 48. Rb6+ Kg7 49. Bxf5 Rg1+ 50. Kf4 Rf1+ 51. Ke5 Re1+ 52. Be4 h5 53. Rb7+ Kh8 54. b5 Ra1 55. Kf6 Rf1+ 56. Bf5 1-0

[Event "GER-ch U18"]
[Site "Willingen"]
[Date "2023.05.29"]
[Round "3"]
[White "Matthaei, Jakob"]
[Black "Hommer, Jeremy"]
[Result "0-1"]
[WhiteElo "2046"]
[BlackElo "2313"]
[PlyCount "100"]
[EventDate "2023.05.28"]
[EventType "swiss"]
[EventRounds "9"]
[EventCountry "GER"]
[SourceTitle "CBM 214 Extra"]
[Source "ChessBase"]
[SourceDate "2023.07.31"]
[SourceVersion "1"]
[SourceVersionDate "2023.07.31"]
[SourceQuality "1"]

1. c4 e5 2. g3 c6 3. Nf3 e4 4. Nd4 d5 5. cxd5 Qxd5 6. Nc2 Nf6 7. Nc3 Qe5 8. Ne3 Bb4 9. Bg2 0-0 10. Qc2 Re8 11. 0-0 Na6 12. a3 Bxc3 13. bxc3 Qh5 14. Re1 Nc5 15. a4 Ng4 16. Nxg4 Bxg4 17. Ba3 Ne6 18. d4 exd3 19. exd3 Ng5 20. f4 Nf3+ 21. Bxf3 Bxf3 22. Qf2 Qd5 23. Qd4 Rxe1+ 24. Rxe1 Qa2 25. Qf2 Qxa3 26. Qxf3 Qxc3 27. Qe3 h6 28. d4 Qb4 29. Qe5 Rd8 30. Re4 Qxa4 31. f5 Qa1+ 32. Kg2 Qa2+ 33. Kh3 Qd5 34. Qf4 Qd7 35. g4 Re8 36. Re5 f6 37. Rxe8+ Qxe8 38. Qc7 Qa8 39. Kg3 a5 40. h4 a4 41. g5 hxg5 42. hxg5 fxg5 43. Qe7 Qf8 44. Qe6+ Qf7 45. Qc8+ Kh7 46. f6 gxf6 47. Qa8 Qb3+ 48. Kg4 Qe6+ 49. Kg3 b5 50. Qb7+ Kg6 0-1

[Event "GER-ch U18"]
[Site "Willingen"]
[Date "2023.05.28"]
[Round "1"]
[White "Matthaei, Jakob"]
[Black "Musiolik, David"]
[Result "0-1"]
[WhiteElo "2046"]
[BlackElo "2291"]
[PlyCount "70"]
[EventDate "2023.05.28"]
[EventType "swiss"]
[EventRounds "9"]
[EventCountry "GER"]
[SourceTitle "CBM 214 Extra"]
[Source "ChessBase"]
[SourceDate "2023.07.31"]
[SourceVersion "1"]
[SourceVersionDate "2023.07.31"]
[SourceQuality "1"]

1. e4 c6 2. d4 d5 3. Nd2 dxe4 4. Nxe4 Nf6 5. Ng3 h5 6. h4 Bg4 7. Be2 Nbd7 8. Be3 e6 9. Qd2 Bd6 10. Bf4 Be7 11. f3 Bf5 12. Nxf5 exf5 13. c4 b5 14. d5 cxd5 15. cxd5 Bc5 16. b4 Bxg1 17. Rxg1 0-0 18. 0-0-0 Nb6 19. d6 Nfd5 20. Be5 Re8 21. f4 f6 22. Bf3 Rc8+ 23. Kb1 Nxb4 24. Qxb4 fxe5 25. Qb3+ Rc4 26. Bxh5 Re6 27. fxe5 Rxe5 28. Rge1 Rxe1 29. Rxe1 Qxh4 30. Re8+ Kh7 31. Qd1 Na4 32. Re3 Rb4+ 33. Kc1 Qc4+ 34. Kd2 Rb2+ 35. Ke1 Qh4+ 0-1

[Event "DSOL 02 Liga Gr-D 1st"]
[Site "Playchess.com INT"]
[Date "2020.08.06"]
[Round "7.3"]
[White "Matthaei, Jakob"]
[Black "Hansch, Torsten"]
[Result "0-1"]
[WhiteElo "1956"]
[BlackElo "2064"]
[PlyCount "70"]
[EventDate "2020.06.22"]
[EventType "team-tourn (rapid)"]
[EventCountry "GER"]
[SourceTitle "EXT 2021"]
[Source "ChessBase"]
[SourceDate "2020.10.23"]
[SourceVersion "1"]
[SourceVersionDate "2020.10.23"]
[SourceQuality "1"]
[WhiteTeam "Chemnitz USG"]
[BlackTeam "Stendal"]
[WhiteTeamCountry "GER"]
[BlackTeamCountry "GER"]

1. c4 e6 2. g3 d5 3. Bg2 Nf6 4. Nf3 Be7 5. 0-0 0-0 6. cxd5 exd5 7. d4 c6 8. Nc3 Bf5 9. Qb3 Qb6 10. Qxb6 axb6 11. Ne5 Nbd7 12. f4 b5 13. h3 h5 14. Kh2 b4 15. Nd1 Nb6 16. Nf2 Ra4 17. g4 hxg4 18. hxg4 Bc2 19. g5 Nfd7 20. Nxd7 Nxd7 21. Be3 Rfa8 22. Rac1 Bf5 23. Kg3 Rxa2 24. Rh1 Rxb2 25. Bh3 g6 26. Bxf5 gxf5 27. Rh5 Rxe2 28. Kf3 Rea2 29. Rch1 Nf8 30. Nd3 R8a3 31. Ne5 c5 32. g6 fxg6 33. Rh8+ Kg7 34. Rxf8 Bxf8 35. Rg1 cxd4 0-1

[Event "DSOL 02 Liga Gr-D 1st"]
[Site "Playchess.com INT"]
[Date "2020.07.23"]
[Round "5.3"]
[White "Matthaei, Jakob"]
[Black "Grkinic, Goran"]
[Result "0-1"]
[WhiteElo "1956"]
[BlackElo "1979"]
[PlyCount "94"]
[EventDate "2020.06.22"]
[EventType "team-tourn (rapid)"]
[EventCountry "GER"]
[SourceTitle "EXT 2021"]
[Source "ChessBase"]
[SourceDate "2020.10.23"]
[SourceVersion "1"]
[SourceVersionDate "2020.10.23"]
[SourceQuality "1"]
[WhiteTeam "Chemnitz USG"]
[BlackTeam "Arnstadt Stadtilm"]
[WhiteTeamCountry "GER"]
[BlackTeamCountry "GER"]

1. e4 c5 2. c3 d6 3. d4 cxd4 4. cxd4 g6 5. Nc3 Bg7 6. Be3 Nc6 7. Nf3 Bg4 8. Be2 e6 9. 0-0 Nge7 10. Qd2 0-0 11. Rfd1 d5 12. h3 dxe4 13. hxg4 exf3 14. Bxf3 Qa5 15. a3 a6 16. b4 Qc7 17. Rac1 Rad8 18. Na4 Qb8 19. Qb2 Nd5 20. Nc5 Qa7 21. Qe2 Nce7 22. Rc2 Nxe3 23. fxe3 Nd5 24. Kh1 Bh6 25. Rd3 b6 26. Ne4 f5 27. gxf5 exf5 28. Nc3 Nxc3 29. Rdxc3 Rf7 30. Qc4 Kg7 31. d5 b5 32. Qc5 Qe7 33. Qb6 Rd6 34. Rc6 Qh4+ 35. Kg1 Qe1+ 36. Kh2 Bxe3 37. Qxe3 Qxe3 38. Rxd6 Qf4+ 39. Kg1 Qxd6 40. Rc6 Qe5 41. Rxa6 Rc7 42. Rc6 Rxc6 43. dxc6 Qa1+ 44. Kh2 Qxa3 45. Bd5 Qxb4 46. Kh1 Qe1+ 47. Kh2 Qe5+ 0-1

[Event "GER-chT School WK 2"]
[Site "Playchess.com INT"]
[Date "2020.06.15"]
[Round "5.1"]
[White "Brockhoff, Moritz"]
[Black "Matthaei, Jakob"]
[Result "1-0"]
[WhiteElo "1838"]
[BlackElo "1620"]
[PlyCount "172"]
[EventDate "2020.06.08"]
[EventType "team-swiss (blitz)"]
[EventRounds "7"]
[EventCountry "GER"]
[SourceTitle "EXT 2021"]
[Source "ChessBase"]
[SourceDate "2020.10.23"]
[SourceVersion "1"]
[SourceVersionDate "2020.10.23"]
[SourceQuality "1"]
[WhiteTeam "Theodor Gymn"]
[BlackTeam "Hohe Lessing Gymn"]
[WhiteTeamCountry "GER"]
[BlackTeamCountry "GER"]

1. e4 e5 2. f4 exf4 3. Nf3 g5 4. Bc4 d6 5. 0-0 Bg7 6. d4 Nc6 7. c3 h6 8. g3 g4 9. Bxf4 gxf3 10. Qxf3 Qe7 11. Nd2 Nf6 12. e5 dxe5 13. dxe5 Qc5+ 14. Kh1 Bg4 15. Bxf7+ Kxf7 16. Qxg4 Nxg4 17. Be3+ Ke6 18. Bxc5 Ngxe5 19. Rae1 Rad8 20. Nf3 Kd5 21. Nxe5 Bxe5 22. Be3 h5 23. Rf5 Ke6 24. Rg5 Rdg8 25. Kg2 h4 26. gxh4 Rxg5+ 27. Bxg5 Rf8 28. h5 Rg8 29. h4 Kf7 30. Kf3 Rh8 31. Kg4 Kg7 32. Kf5 Rf8+ 33. Ke6 Bd6 34. Kd5 Rf5+ 35. Kc4 Ne5+ 36. Kb3 Nf3 37. h6+ Kh7 38. Re8 Nxg5 39. hxg5 Rxg5 40. Ra8 a5 41. Ka4 b6 42. a3 Kxh6 43. b4 axb4 44. axb4 Kg6 45. Re8 Kf6 46. c4 Rg4 47. Kb5 Kf7 48. Re2 Rg5+ 49. Kc6 Bxb4 50. Kxc7 Bc5 51. Kc6 Kg6 52. Kb5 Rg4 53. Re6+ Kf5 54. Re8 Re4 55. Rh8 Re5 56. Rh1 Ke4 57. Rd1 Ke3 58. Re1+ Kd4 59. Rd1+ Kc3 60. Rc1+ Kb2 61. Rh1 Re3 62. Rh2+ Kc3 63. Rh1 Rd3 64. Rc1+ Kb2 65. Rh1 Rb3+ 66. Kc6 Rb4 67. Kd5 Kc3 68. Rc1+ Kd2 69. Rh1 Rb3 70. Rh2+ Kc3 71. Rh1 Kb4 72. Rc1 Ka4 73. Ra1+ Ra3 74. Rb1 Rb3 75. Ra1+ Kb4 76. Rc1 Rb2 77. Kc6 Kb3 78. Kd5 Rc2 79. Rb1+ Rb2 80. Rc1 Rc2 81. Rb1+ Kc3 82. Rb5 Rd2+ 83. Kc6 Rd4 84. Rxc5 bxc5 85. Kxc5 Rxc4+ 86. Kd5 Rd4+ 1-0

[Event "GER-chT School WK 2"]
[Site "Playchess.com INT"]
[Date "2020.06.08"]
[Round "2.1"]
[White "Matthaei, Jakob"]
[Black "Weishaeutel, Moritz"]
[Result "1-0"]
[WhiteElo "1620"]
[BlackElo "2049"]
[PlyCount "71"]
[EventDate "2020.06.08"]
[EventType "team-swiss (blitz)"]
[EventRounds "7"]
[EventCountry "GER"]
[SourceTitle "EXT 2021"]
[Source "ChessBase"]
[SourceDate "2020.10.23"]
[SourceVersion "1"]
[SourceVersionDate "2020.10.23"]
[SourceQuality "1"]
[WhiteTeam "Hohe Lessing Gymn"]
[BlackTeam "Erfurt Alb Schweitzer Gymn"]
[WhiteTeamCountry "GER"]
[BlackTeamCountry "GER"]

1. e4 c5 2. c3 d5 3. exd5 Qxd5 4. d4 Nf6 5. Nf3 Nc6 6. Be3 cxd4 7. cxd4 e6 8. Nc3 Qd6 9. Bd3 Be7 10. 0-0 0-0 11. h3 b6 12. Rc1 Bb7 13. Qe2 Rfd8 14. Rfd1 Nd5 15. Bb1 g6 16. h4 Bf8 17. h5 Bg7 18. Ne4 Qd7 19. hxg6 hxg6 20. Bg5 Re8 21. a3 e5 22. dxe5 Nxe5 23. Nxe5 Rxe5 24. Qd2 Qc7 25. Rxc7 Bh6 26. Bxh6 Rae8 27. Rxb7 Rh5 28. Qxd5 Rxd5 29. Rxd5 Kh7 30. Nf6+ Kxh6 31. Nxe8 f5 32. f4 Kh5 33. g3 Kg4 34. Kg2 Kh5 35. Rh7+ Kg4 36. Rh4# 1-0

[Event "Erfurt op-A 29th"]
[Site "Erfurt"]
[Date "2019.12.27"]
[Round "3"]
[White "Farokhi, Keyvan"]
[Black "Matthaei, Jakob"]
[Result "1-0"]
[WhiteElo "2023"]
[BlackElo "1838"]
[PlyCount "111"]
[EventDate "2019.12.26"]
[EventType "swiss"]
[EventRounds "8"]
[EventCountry "GER"]
[SourceTitle "CBM 194 Extra"]
[Source "ChessBase"]
[SourceDate "2020.03.31"]
[SourceVersion "1"]
[SourceVersionDate "2020.03.31"]
[SourceQuality "1"]

1. d4 Nf6 2. Bf4 d5 3. e3 c5 4. c3 Nc6 5. Nd2 e6 6. Ngf3 cxd4 7. exd4 Nh5 8. Be3 Bd6 9. Ne5 g6 10. g4 Ng7 11. h4 h5 12. gxh5 Bxe5 13. dxe5 Rxh5 14. Bg5 Qb6 15. Be2 Rh7 16. Qc2 Nxe5 17. h5 Nf5 18. 0-0-0 gxh5 19. Bxh5 Bd7 20. Be2 Rxh1 21. Rxh1 Ng6 22. Bh5 Nfe7 23. Bxe7 Kxe7 24. Bxg6 fxg6 25. Rh7+ Kd6 26. Qxg6 Qd8 27. Qg3+ Kc6 28. Nf3 Kb6 29. Qd6+ Bc6 30. Qxe6 Qe8 31. Re7 Qh5 32. Qe3+ Ka6 33. Nd4 Qh1+ 34. Qe1 Qxe1+ 35. Rxe1 Rf8 36. Nxc6 bxc6 37. Rf1 Kb5 38. f4 Rf5 39. Kd2 a5 40. Ke3 Kc4 41. Kf3 a4 42. Kg4 Rf8 43. f5 c5 44. Kg5 a3 45. bxa3 Kxc3 46. f6 Kb2 47. Rf5 Rd8 48. f7 Kxa3 49. f8Q Rxf8 50. Rxf8 Kxa2 51. Kf4 Kb3 52. Ke3 Kc3 53. Rd8 d4+ 54. Ke4 d3 55. Rxd3+ Kc2 56. Rh3 1-0

[Event "Erfurt op-A 29th"]
[Site "Erfurt"]
[Date "2019.12.27"]
[Round "2"]
[White "Matthaei, Jakob"]
[Black "Barthel, Ansgar"]
[Result "0-1"]
[WhiteElo "1838"]
[BlackElo "2052"]
[PlyCount "84"]
[EventDate "2019.12.26"]
[EventType "swiss"]
[EventRounds "8"]
[EventCountry "GER"]
[SourceTitle "CBM 194 Extra"]
[Source "ChessBase"]
[SourceDate "2020.03.31"]
[SourceVersion "1"]
[SourceVersionDate "2020.03.31"]
[SourceQuality "1"]

1. e4 Nf6 2. e5 Nd5 3. d4 d6 4. Nf3 Bg4 5. Be2 c6 6. 0-0 Bxf3 7. Bxf3 dxe5 8. dxe5 e6 9. Qe2 Qc7 10. c4 Ne7 11. Bg4 Nd7 12. f4 0-0-0 13. Be3 Nf5 14. Bxf5 exf5 15. Qc2 g6 16. Nc3 Bc5 17. Bxc5 Nxc5 18. Rad1 Qb6 19. Kh1 Ne6 20. g3 h5 21. Qf2 Rxd1 22. Nxd1 Rd8 23. Nc3 Qxf2 24. Rxf2 Rd4 25. b3 Rd3 26. Na4 h4 27. Kg2 hxg3 28. hxg3 Kc7 29. Rf3 Rd1 30. Nc3 Rc1 31. Rd3 Nc5 32. Re3 a5 33. Kf3 Ne6 34. Rd3 Rc2 35. Ne2 Rxa2 36. Rd1 Ra3 37. Rh1 Rxb3+ 38. Kf2 a4 39. Rh7 a3 40. Rh1 Nc5 41. Ra1 Ne4+ 42. Ke1 a2 0-1